| 000 | 00595nam a2200181 i 4500 | ||
|---|---|---|---|
| 001 | 141777 | ||
| 003 | ES-MaACL | ||
| 005 | 20230906200351.0 | ||
| 007 | t| | ||
| 008 | 070927s1971 sp ||||1| spa d | ||
| 080 | _a946"1936/39"(093.32) | ||
| 100 | 1 |
_aVinielles Trepat, Magín. _9115333 |
|
| 245 | 1 | 3 |
_aLa sexta columna _b: diario de un combatiente leridano / _cMagín Vinielles Trepat. |
| 260 |
_aBarcelona : _bAcervo, _c[1971] |
||
| 300 |
_a309 p. ; _c20 cm. |
||
| 651 | 4 |
_aEspaña- _xHistoria- _y1936-1939, Guerra civil- _vRelatos personales. _98326 |
|
| 852 |
_aES-MaACL _jC-40127 _bR.79437 |
||
| 999 |
_c141777 _d141777 |
||